| 000 | 00642ntaaa2200217 4500 | ||
|---|---|---|---|
| 003 | 01 | ||
| 005 | 20251027202205.0 | ||
| 008 | 0714s1973 ag 01 | ||
| 040 |
_aAR-BaBN _bspa _cAR-BaBN _eaacr _dRIC |
||
| 082 | _a267.4000 Mc22 | ||
| 100 |
_aMcMurry, Mildred _914852 |
||
| 245 | _aEducating youth in missions | ||
| 250 | _a1 ed. | ||
| 260 |
_aNashville : _bConvention Press, _cc1960 |
||
| 300 | _a140 p | ||
| 500 | _aEjs. 2 3 (11611 and 16787) retirado definitivamente de biblioteca | ||
| 650 |
_aSociedad femenil misionera _910447 |
||
| 650 |
_aeducación misionera _99362 |
||
| 650 |
_amisiones-educación juvenil _920484 |
||
| 942 | _cBK | ||
| 999 |
_c16848 _d16848 |
||